Cities West of the Prime Meridian - Sudden Death - Statistics

General Stats
  • This quiz has been taken 13 times
    6 since last reset
  • The average score is 3 of 8
Answers on the Grid
Answers color-coded by a green-red scale on the quiz's grid according to % correct below.
Glasgow
Nottingham
Cambridge
Brighton
Rouen
Nantes
Tours
Andorra la Vella
Ajaccio
Valladolid
Zaragoza
Murcia
Yamoussoukro
Lagos
São Tomé
 
Answer Stats
Answer % Correct
Glasgow
80%
Zaragoza
60%
Nantes
40%
Nottingham
40%
Valladolid
40%
Murcia
20%
Yamoussoukro
20%
Brighton
0%
No matching quizzes found
Score Distribution
Percent of People with Each Score
Percentile by Number Answered
Your Score History
You have not taken this quiz since the last reset